000 00591nam a2200181 i 4500
001 102181
003 ES-MaACL
005 20231227062630.0
007 t|
008 051107s1951 ag ||||1| spa d
100 1 _aMenéndez Pidal, Ramón,
_d1869-1968
_980315
245 1 4 _aLos españoles en la Historia y en la Literatura
_b: dos ensayos /
_cRamón Menéndez Pidal.
250 _a[Ed. especialmente autorizada por el autor].
260 _aBuenos Aires :
_bEspasa-Calpe,
_c1951.
300 _a229 p., 3 h. ;
_c22 cm.
852 _aES-MaACL
_jD-7775
_bR.31769
999 _c102181
_d102181